The state of the insurance industry : examining the current regulatory and oversight structure : hearing before the Committee on Banking, Housing, and Urban Affairs, United States Senate, One Hundred Tenth Congress, second session, on the current state of insurance regulation, oversight, and ways to enhance consumer protection, promote competition and efficiency, and to address what role, if any, the federal government should play, Tuesday, July 29, 2008.

Bibliographic Details
Corporate Author: United States. Congress. Senate. Committee on Banking, Housing, and Urban Affairs
Format: Government Document eBook
Language:English
Published: Washington : U.S. G.P.O., 2010.
Series:S. hrg. ; 110-1009
Subjects:
Online Access:Electronic resource (PDF)

MARC

Tag First Indicator Second Indicator Subfields
LEADER 00000cam a22000001a 4500
001 in00004100775
005 20200117091237.0
006 m d f
007 cr bn mmmapmmp
008 100714s2010 dcua ob f000 0 eng d
035 |a chdc201001110 
040 |a UMI  |c UMI  |d UtOrBLW 
042 |a pcc 
043 |a n-us--- 
074 |a 1035-C 
086 0 |a Y 4.B 22/3:S.HRG.110-1009 
110 1 |a United States.  |b Congress.  |b Senate.  |b Committee on Banking, Housing, and Urban Affairs.  |0 http://id.loc.gov/authorities/names/n81033403 
245 1 4 |a The state of the insurance industry :  |b examining the current regulatory and oversight structure : hearing before the Committee on Banking, Housing, and Urban Affairs, United States Senate, One Hundred Tenth Congress, second session, on the current state of insurance regulation, oversight, and ways to enhance consumer protection, promote competition and efficiency, and to address what role, if any, the federal government should play, Tuesday, July 29, 2008. 
264 1 |a Washington :  |b U.S. G.P.O.,  |c 2010. 
264 2 |a Washington :  |b For sale by the Supt. of Docs., U.S. G.P.O. 
300 |a iv, 466 pages :  |b illustrations, digital, PDF file. 
336 |a text  |b txt  |2 rdacontent 
337 |a computer  |b c  |2 rdamedia 
338 |a online resource  |b cr  |2 rdacarrier 
490 1 |a S. hrg. ;  |v 110-1009 
500 |a Shipping list number: 2010-0206-P. 
504 |a Includes bibliographical references. 
500 |a Record is based on bibliographic data in ProQuest Congressional Hearings Digital Collection. Reuse except for individual research requires license from ProQuest, LLC. 
500 |a Electronic resource. 
533 |a Electronic reproduction.  |b [Bethesda, Md.] :  |c ProQuest,  |d 2010.  |e digital, PDF file.  |n ProQuest U.S. Congressional Hearings Digital Collection.  |n Mode of access: World Wide Web via ProQuest website. 
538 |a System requirements: PDF reader software. 
650 0 |a Insurance  |x State supervision  |z United States.  |0 http://id.loc.gov/authorities/subjects/sh96011691 
650 0 |a Insurance law  |z United States.  |0 http://id.loc.gov/authorities/subjects/sh85067065 
776 0 8 |i Print version:   |a United States. Congress. Senate. Committee on Banking, Housing, and Urban Affairs.  |t State of the insurance industry  |w 9780160856129  |w 0160856124  |w (OCoLC)610571625  |z 2010443830 
776 0 8 |i Microfiche version:   |a United States. Congress. Senate. Committee on Banking, Housing, and Urban Affairs.  |t state of the insurance industry  |d [Bethesda, Md.] : ProQuest,[2010]  |o CIS 2010 S241-96  |w (ProQuest)cis01002806  
810 1 |a United States.  |b Congress.  |b Senate.  |t S. hrg. ;  |v 110-1009.  |0 http://id.loc.gov/authorities/names/n83707917 
856 4 0 |u http://proxy.library.tamu.edu/login?url=http://search.proquest.com/congcomp/getdoc?HEARING-ID=HRG-2008-BHU-0030  |y Electronic resource (PDF)  |t 0 
998 |a cis01002806  
999 f f |s f972cea1-2004-320e-a73d-d7a1dbd91f8b  |i d3eb2099-2fb1-3b27-9fb6-11eae1dc14a8  |t 0 
952 f f |a Texas A&M University  |b College Station  |c Electronic Resources  |d Available Online  |t 0  |e Y 4.B 22/3:S.HRG.110-1009  |h Superintendent of Documents classification 
998 f f |a Y 4.B 22/3:S.HRG.110-1009  |t 0  |l Available Online